000 00378nam a2200133Ia 4500
008 240624s9999 xx 000 0 und d
041 _aeng
082 _a382 KUN
100 _aKUNDU SOMRAJ
245 _aINTRODUCTION TO INTERNATIONAL TRADE ALL
260 _c2014
_aNew Delhi
_bShroff Publishers & Distributors Pvt Ltd
300 _aviii, : 158 : p. : cm. ; 23
365 _cRS
_b30
999 _c27088
_d27088